Countries That Drink The Most Coffee - Statistics

General Stats
  • This quiz has been taken 38 times
  • The average score is 21 of 30
Answer Stats
# Country % Correct
3.1 United States
100%
3.1 France
97%
5.3 Brazil
92%
3.2 Canada
92%
9.6 Finland
92%
3.4 Italy
92%
7.2 Norway
92%
5.1 Sweden
92%
4.9 Germany
89%
2.6 Portugal
89%
3.4 Spain
89%
6.7 Netherlands
86%
3.7 Switzerland
86%
2.6 Australia
83%
5.4 Denmark
83%
5.6 Austria
81%
3.1 Poland
81%
4.5 Belgium
78%
3.8 Croatia
69%
3.1 Hungary
69%
4.1 Estonia
64%
3.3 Lithuania
61%
4.8 Serbia
61%
6.1 Slovenia
58%
3.9 Bosnia and Herzegovina
53%
3.4 North Macedonia
44%
2.7 South Korea
33%
3.0 Algeria
17%
3.7 Costa Rica
17%
3.6 Dominican Republic
8%
No matching quizzes found
Score Distribution
Percent of People with Each Score
Percentile by Number Answered
Your Score History
You have not taken this quiz